Catálogo
 En Linea

La cantante rusa / (Registro nro. 4348)

Detalles MARC
000 -CABECERA
campo de control de longitud fija 00741nam a2200229 a 4500
001 - NÚMERO DE CONTROL
campo de control 000004539
005 - FECHA Y HORA DE LA ÚLTIMA TRANSACCIÓN
campo de control 20200929151446.0
008 - DATOS DE LONGITUD FIJA--INFORMACIÓN GENERAL
campo de control de longitud fija 900618s1993 ag 000 1 spa
020 ## - NÚMERO INTERNACIONAL ESTÁNDAR DEL LIBRO
Número Internacional Estándar del Libro 9501512819
040 ## - FUENTE DE LA CATALOGACIÓN
Centro catalogador/agencia de origen DO-SdBNP
Lengua de catalogación spa
Centro/agencia transcriptor BNPHU
082 ## - NÚMERO DE LA CLASIFICACIÓN DECIMAL DEWEY
Número de clasificación 839.81374
Número de documento/Ítem D251c
100 1# - ENTRADA PRINCIPAL--NOMBRE DE PERSONA
Nombre de persona Davidsen, Leif,
Fechas asociadas al nombre 1950-
9 (RLIN) 13257
240 10 - TÍTULO UNIFORME
Título uniforme The Russian singer
Lenguaje de la obra español.
245 14 - MENCIÓN DE TÍTULO
Título La cantante rusa /
Mención de responsabilidad, etc. Leif Davidsen ; traducción, Clotilde Rezzano de Martínez.
260 ## - PUBLICACIÓN, DISTRIBUCIÓN, ETC.
Lugar de publicación, distribución, etc. Buenos Aires :
Nombre del editor, distribuidor, etc. Javier Vergara,
Fecha de publicación, distribución, etc. 1993.
300 ## - DESCRIPCIÓN FÍSICA
Extensión 287 p. ;
Dimensiones 22 cm.
490 1# - MENCIÓN DE SERIE
Mención de serie Novela de intriga
650 #4 - PUNTO DE ACCESO ADICIONAL DE MATERIA--TÉRMINO DE MATERIA
Término de materia o nombre geográfico como elemento de entrada Novela danesa
9 (RLIN) 13258
650 #4 - PUNTO DE ACCESO ADICIONAL DE MATERIA--TÉRMINO DE MATERIA
Término de materia o nombre geográfico como elemento de entrada Literatura danesa
9 (RLIN) 13259
700 1# - PUNTO DE ACCESO ADICIONAL--NOMBRE DE PERSONA
Nombre de persona Martínez, Clotilde Rezzano,
Término indicativo de función/relación tr.
9 (RLIN) 13260
830 #0 - PUNTO DE ACCESO ADICIONAL DE SERIE-TÍTULO UNIFORME
Título uniforme Novela de intriga.
9 (RLIN) 10735
Existencias
Estado de retiro Estado de pérdida Restricciones de uso No para préstamo Código de colección Localización permanente Ubicación/localización actual Ubicación en estantería Fecha de adquisición Número de inventario Total de préstamos Signatura topográfica completa Código de barras Fecha visto por última vez Precio válido a partir de Tipo de ítem Koha Número de copia
      Excluido de préstamo Monografías: Libros y Folletos General General Depósito 23.07.2009 LF1   839.81374 D251c 4539-10 25.06.2020 25.06.2020 No se presta  
  Extraviado   Excluido de préstamo Monografías: Libros y Folletos General General Extraviado 05.04.2017 LF1   839.81374 D251c 4539-20 25.06.2020 25.06.2020 No se presta e. 2

Con tecnología Koha